00881nam a2200229Ia 4500003000900000008004100009020002200050040001600072080001600088100002600104245010400130260004200234300001600276490005900292650004100351650005000392650002600442700002500468942000700493999001700500952013400517IN-BaIIA211028s9999 xx 000 0 eng d a978-0-19-922747-1 cIIA Library a551.51bVAR aVardavas, I. M931375 0aRadiation and climatecI. M. Vardavas and F. W.Taylor  aOxfordbOxford University Pressc2007 axvii, 492p. aInternational series of monographs on physics; no. 138 aGreenhouse effect-atmospheric931376 aInfrared radiation-atmospheric effects931377 aSolar radiation95007 aTaylor, F. W.931378 cBK c16807d16807 00104070aBANbBANcGENd2008-03-20eSH g4536.02l0o551.51/ VARp17729r2021-11-05v4536.02w2008-03-20yBKGRs. 4536.02